000 00214nam a22000857a 4500
008 160715b xxu||||| |||| 00| 0 eng d
100 _92917
_aWadhawan
245 _aScience: Refresher
260 _aNew Delhi
_bMalhotra
_c2007
999 _c2482
_d2482